A avaliação da empresa (Registo nº 197481)

Detalhes MARC
000 -Etiqueta do registo
Valores 00659nam 22002053 4500
010 ## - Número ISBN
ISBN 972-25-1218-8
021 ## - Número do Depósito Legal
Número 183325/02
100 ## - Dados gerais de processamento
Dados gerais 20250806d u||y0pory50 ba
200 ## - Titulo e menção de responsabilidade
Título próprio A avaliação da empresa
Informação de outro título quanto vale uma empresa?
Primeira menção de responsabilidade Jean-Claude Tournier, Jean-Baptiste Tournier
Outras menções de responsabilidade tradução de Alexandra Costa
210 ## - Publicação
Local de publicação Lisboa
Nome do editor Bertrand Editora
Data de publicação 2002
215 ## - Descrição física 
Paginação / Volumes 390 p.
Outras indicações físicas brochado
Dimensões 23 cm
606 ## - Nome comum usado como assunto
ID Autoridade 1108
Palavra de ordem Gestão empresarial
675 ## - CDU
Notação 658
Edição PT
Língua por
700 ## - Autor principal (pessoa individual)
ID Autoridade 13528
Apelido Tournier
Nome Jean-Claude
701 ## - Co-autor principal (pessoa individual)
ID Autoridade 13529
Apelido Tournier
Nome Jean-Baptiste
801 ## - Fonte de origem
País PT
Agência BMMN
Regras de catalogação RPC
830 ## - Notas gerais do catalogador
Criado por Fernando
Indexado por Fernando
990 ## - Elementos KOHA
Tipo de documento Livro
Exemplares
Situação do levantamento Biblioteca de origem Código de barras Cota Permissão de empréstimo Tipo de documento Forma de aquisição
  Biblioteca Municipal de Montemor-o-Novo 25594 658 TOU|LG   Livro Compra

Powered by Koha